[Event "Novorossiysk Small Land Rapid op"]
[Site "Novorossiysk"]
[Date "2023.07.28"]
[Round "10"]
[White "Karulin, Nikita"]
[Black "Palkovich, Denis"]
[Result "1-0"]
[WhiteElo "1564"]
[BlackElo "2190"]
[PlyCount "45"]
[EventDate "2023.07.26"]
[EventType "swiss (rapid)"]
[EventRounds "11"]
[EventCountry "RUS"]
[SourceTitle "CBM 215 Extra"]
[Source "ChessBase"]
[SourceDate "2023.09.30"]
[SourceVersion "1"]
[SourceVersionDate "2023.09.30"]
[SourceQuality "1"]

1. d4 d5 2. Nc3 c6 3. Bf4 Nd7 4. Nf3 g6 5. Qd2 Bg7 6. 0-0-0 Ngf6 7. Bh6 Bxh6 8. Qxh6 Qc7 9. Qd2 Nb6 10. e3 Bf5 11. Ne5 Nfd7 12. Nxd7 Nxd7 13. f3 0-0-0 14. e4 dxe4 15. fxe4 Bg4 16. Be2 Bxe2 17. Qxe2 e5 18. d5 Nb6 19. Rhf1 cxd5 20. exd5 f5 21. Nb5 Qc4 22. Rd3 Nxd5 23. Rc3 1-0

[Event "Gelendzhik Rapid op"]
[Site "Gelendzhik"]
[Date "2023.05.28"]
[Round "7"]
[White "Porozhniak, Maya"]
[Black "Karulin, Nikita"]
[Result "1-0"]
[WhiteElo "1873"]
[BlackElo "1564"]
[PlyCount "163"]
[EventDate "2023.05.27"]
[EventType "swiss (rapid)"]
[EventRounds "11"]
[EventCountry "RUS"]
[SourceTitle "CBM 214 Extra"]
[Source "ChessBase"]
[SourceDate "2023.07.31"]
[SourceVersion "1"]
[SourceVersionDate "2023.07.31"]
[SourceQuality "1"]

1. e4 d5 2. exd5 Qxd5 3. Nc3 Qa5 4. h3 c6 5. Nf3 Nf6 6. Be2 Bf5 7. b4 Qc7 8. d3 e6 9. a3 Be7 10. Bb2 0-0 11. Nh4 Bg6 12. Nxg6 hxg6 13. 0-0 Nbd7 14. Re1 a6 15. Qd2 Nb6 16. Bf3 Rfd8 17. Qe2 a5 18. b5 Nbd5 19. Nxd5 cxd5 20. a4 Bb4 21. Be5 Bd6 22. c4 Rac8 23. Bxd6 Qxd6 24. Rec1 b6 25. Qe3 d4 26. Qd2 Nd7 27. Re1 Nc5 28. Bd1 f6 29. Ra2 Kf7 30. Bf3 Rc7 31. g3 Re7 32. Qd1 Rh8 33. Kg2 e5 34. Bd5+ Kf8 35. Rae2 Qd7 36. g4 g5 37. f3 g6 38. Rh1 Reh7 39. Ra2 Ke7 40. Be4 Rh6 41. Qe2 Ne6 42. Kg3 Nf4 43. Qf1 f5 44. Bc6 Qc7 45. Rah2 Rh4 46. Kf2 Kf6 47. Qb1 Qh7 48. Qf1 Qe7 49. Qb1 R8h6 50. Ke1 Qa3 51. Kd2 Qc3+ 52. Kd1 Nxh3 53. Qc2 Qa3 54. c5 Qxc5 55. Qxc5 bxc5 56. Kc2 Ke7 57. b6 Kd6 58. b7 Kc7 59. Kb3 Nf4 60. Rxh4 Rxh4 61. Rd1 Rh8 62. Bb5 Kxb7 63. Re1 e4 64. fxe4 fxg4 65. e5 Rh7 66. Kc4 Kb6 67. Rg1 Re7 68. Rxg4 Rxe5 69. Rg3 Nd5 70. Kb3 Nc7 71. Bc4 Nd5 72. Bb5 Ne7 73. Be8 Re3 74. Rxg5 Rxd3+ 75. Kb2 Rd2+ 76. Kb3 Rd3+ 77. Kb2 c4 78. Rb5+ Ka6 79. Re5 c3+ 80. Kb3 Nc8 81. Bb5+ Kb7 82. Bxd3 1-0